<?xml version="1.0" encoding="UTF-8"?>
<marc:record xmlns:marc="http://www.loc.gov/MARC21/slim">
   <marc:leader>00000nam a2200000 a 4500</marc:leader>
   <marc:datafield ind1="1" ind2=" " tag="100">
      <marc:subfield code="a">Schmidt, Helmut</marc:subfield>
      <marc:subfield code="4">aut</marc:subfield>
      <marc:subfield code="e">Verfasser/-in</marc:subfield>
   </marc:datafield>
   <marc:datafield ind1=" " ind2=" " tag="653">
      <marc:subfield code="a">Religion</marc:subfield>
   </marc:datafield>
   <marc:datafield ind1=" " ind2=" " tag="653">
      <marc:subfield code="a">Politische Ethik</marc:subfield>
   </marc:datafield>
   <marc:datafield ind1=" " ind2=" " tag="653">
      <marc:subfield code="a">Friedensethik</marc:subfield>
   </marc:datafield>
   <marc:datafield ind1=" " ind2=" " tag="653">
      <marc:subfield code="a">Christliche Ethik</marc:subfield>
   </marc:datafield>
   <marc:datafield ind1=" " ind2=" " tag="653">
      <marc:subfield code="a">Interreligiöser Dialog</marc:subfield>
   </marc:datafield>
   <marc:datafield ind1=" " ind2=" " tag="653">
      <marc:subfield code="a">Religiöse Toleranz</marc:subfield>
   </marc:datafield>
   <marc:datafield ind1=" " ind2=" " tag="653">
      <marc:subfield code="a">Staat</marc:subfield>
   </marc:datafield>
   <marc:datafield ind1=" " ind2=" " tag="653">
      <marc:subfield code="a">Kirche</marc:subfield>
   </marc:datafield>
   <marc:datafield ind1=" " ind2=" " tag="653">
      <marc:subfield code="a">Aufsatzsammlung</marc:subfield>
   </marc:datafield>
   <marc:datafield ind1="0" ind2="0" tag="245">
      <marc:subfield code="a">Religion in der Verantwortung</marc:subfield>
   </marc:datafield>
   <marc:datafield ind1="0" ind2="0" tag="245">
      <marc:subfield code="b">Gefährdungen des Friedens im Zeitalter der Globalisierung</marc:subfield>
   </marc:datafield>
   <marc:datafield ind1="0" ind2="0" tag="245">
      <marc:subfield code="c">Helmut Schmidt</marc:subfield>
   </marc:datafield>
   <marc:datafield ind1=" " ind2="1" tag="264">
      <marc:subfield code="a">Berlin</marc:subfield>
      <marc:subfield code="b">Propyläen</marc:subfield>
      <marc:subfield code="c">2011</marc:subfield>
   </marc:datafield>
   <marc:datafield ind1="1" ind2=" " tag="520">
      <marc:subfield code="a">Angaben aus der Verlagsmeldung

Religion in der Verantwortung : Gefährdungen des Friedens im Zeitalter der Globalisierung / von Helmut Schmidt

Helmut Schmidt gilt den Deutschen nicht nur als einer ihrer klügsten Staatsmänner, auch als moralische Instanz genießt er höchstes Vertrauen. Mehr als jeder andere Spitzenpolitiker hat er sich immer wieder auch zu ethisch-religiösen Fragen geäußert. Seine wichtigsten Reden zu diesem Thema sind in dem vorliegenden Buch versammelt. Sie sind zum großen Teil unveröffentlicht und werden ergänzt durch ein abschließendes Kapitel, in dem Schmidt seine religionspolitische Haltung ausführlich begründet und nachdrücklich mehr Respekt und Toleranz zwischen den Weltreligionen einfordert. Schmidt sieht vor allem die drei großen monotheistischen Religionen – Judentum, Christentum und Islam – in der Verantwortung. In ihrem Ausschließlichkeitsdenken sieht er einen wesentlichen Grund für die gefährliche weltweite Radikalisierung. Statt sich gegenseitig zu respektieren und nach den gemeinsamen Wurzeln zu fragen, erhebe jede der Weltreligionen Anspruch auf die eigene Wahrheit. Dass die Kirchenführer – Imame und Rabbis genauso wie Bischöfe und Pfarrer – sich ihrer Verantwortung entziehen, beschwört die Gefahr neuer Kriege und weltweiter Konflikte herauf. Helmut Schmidt greift damit ein hochaktuelles Thema auf, dem in Zeiten zunehmender Instrumentalisierung des Glaubens für machtpolitische Zwecke größte Relevanz zukommt.
</marc:subfield>
   </marc:datafield>
   <marc:datafield ind1=" " ind2=" " tag="020">
      <marc:subfield code="a">9783549074091</marc:subfield>
      <marc:subfield code="9">9783549074091</marc:subfield>
   </marc:datafield>
   <marc:datafield ind1=" " ind2=" " tag="020">
      <marc:subfield code="a">3549074093</marc:subfield>
      <marc:subfield code="9">3549074093</marc:subfield>
   </marc:datafield>
   <marc:datafield ind1=" " ind2=" " tag="041">
      <marc:subfield code="a">ger</marc:subfield>
   </marc:datafield>
   <marc:datafield ind1=" " ind2=" " tag="300">
      <marc:subfield code="a">250 S.</marc:subfield>
   </marc:datafield>
</marc:record>
